000 01264nam a2200313Ia 4500
001 ebr10188264
003 CaPaEBR
006 m u
007 cr cn|||||||||
008 061018s2007 mau sb 001 0 eng d
010 _z 2006034588
020 _z9780262122924 (hardcover : alk. paper)
020 _z0262122928 (hardcover : alk. paper)
040 _aCaPaEBR
_cCaPaEBR
035 _a(OCoLC)648314866
050 1 4 _aML1380
_b.L28 2007eb
100 1 _aLandy, Leigh,
_d1951-
245 1 0 _aUnderstanding the art of sound organization
_h[electronic resource] /
_cLeigh Landy.
260 _aCambridge, MA :
_bMIT Press,
_cc2007.
300 _axiii, 303 p.
504 _aIncludes bibliographical references (p. [259]-285) and index.
533 _aElectronic reproduction.
_bPalo Alto, Calif. :
_cebrary,
_d2009.
_nAvailable via World Wide Web.
_nAccess may be limited to ebrary affiliated libraries.
650 0 _aElectronic music
_xHistory and criticism.
650 0 _aComputer music
_xHistory and criticism.
650 0 _aElectro-acoustics.
655 7 _aElectronic books.
_2local
710 2 _aebrary, Inc.
856 4 0 _uhttp://site.ebrary.com/lib/rucke/Doc?id=10188264
_zAn electronic book accessible through the World Wide Web; click to view
999 _c148493
_d148493